Optical solitons : (Record no. 29322)

000 -LEADER
fixed length control field 00582 a2200169 4500
003 - CONTROL NUMBER IDENTIFIER
control field NUST
005 - DATE AND TIME OF LATEST TRANSACTION
control field 20180118143908.0
008 - FIXED-LENGTH DATA ELEMENTS--GENERAL INFORMATION
fixed length control field 180118b xxu||||| |||| 00| 0 eng d
020 ## - INTERNATIONAL STANDARD BOOK NUMBER
International Standard Book Number 0124105904
020 ## - INTERNATIONAL STANDARD BOOK NUMBER
International Standard Book Number 9780124105904
082 04 - DEWEY DECIMAL CLASSIFICATION NUMBER
Classification number 530.14
100 1# - MAIN ENTRY--PERSONAL NAME
Personal name Kivshar, Yuri S.
9 (RLIN) 8823
245 10 - TITLE STATEMENT
Title Optical solitons :
Remainder of title from fibers to photonic crystals /
Statement of responsibility, etc. Yuri S. Kivshar, Govind Agrawal.
260 ## - PUBLICATION, DISTRIBUTION, ETC.
Place of publication, distribution, etc. [S.l.] :
Name of publisher, distributor, etc. Academic Press,
Date of publication, distribution, etc. 2003.
300 ## - PHYSICAL DESCRIPTION
Extent 540 p. ;
Dimensions 24 cm.
700 1# - ADDED ENTRY--PERSONAL NAME
Personal name Agrawal, Govind.
9 (RLIN) 8824
942 ## - ADDED ENTRY ELEMENTS (KOHA)
Institution code [OBSOLETE] SNS
Koha item type Book
Call number prefix 530.14 KIV
Source of classification or shelving scheme
Holdings
Withdrawn status Lost status Damaged status Not for loan Permanent Location Current Location Date acquired Total Checkouts Full call number Barcode Date last seen Price effective from Koha item type
        School of Natural Sciences (SNS) School of Natural Sciences (SNS) 05/26/2016   530.14 KIV SNS0000852 05/26/2016 05/26/2016 Book
© 2023 Central Library, National University of Sciences and Technology. All Rights Reserved.